汪汪幸福學 : (Record no. 44040)
[ view plain ]
| 000 -LEADER | |
|---|---|
| fixed length control field | 01190nam a2200217Ia 4500 |
| 008 - FIXED-LENGTH DATA ELEMENTS--GENERAL INFORMATION | |
| fixed length control field | 230520s9999 xx 000 0 und d |
| 020 ## - INTERNATIONAL STANDARD BOOK NUMBER | |
| International Standard Book Number | 9789577275370 9577275370 |
| 041 ## - LANGUAGE CODE | |
| Language code of text/sound track or separate title | chi |
| Language code of original | eng |
| 050 ## - LIBRARY OF CONGRESS CALL NUMBER | |
| Classification number | BV4596.A54 |
| Item number | .W7512 2018 |
| 100 ## - MAIN ENTRY--PERSONAL NAME | |
| Personal name | Wright, H. Norman |
| 245 #0 - TITLE STATEMENT | |
| Title | 汪汪幸福學 : |
| Remainder of title | 毛小孩帶給我們的50種心靈治癒 / |
| Statement of responsibility, etc. | 諾曼·萊特 (H. Norman Wright) 著; 王宇薇譯 |
| 246 ## - VARYING FORM OF TITLE | |
| Title proper/short title | 汪汪幸福学 : |
| Remainder of title | 毛小孩带给我们的50种心灵治愈 / |
| 260 ## - PUBLICATION, DISTRIBUTION, ETC. | |
| Place of publication, distribution, etc. | 台北 : |
| Name of publisher, distributor, etc. | 財團法人基督教宇宙光全人關懷機構, |
| Date of publication, distribution, etc. | 2018 |
| 300 ## - PHYSICAL DESCRIPTION | |
| Extent | 319 p. : |
| Other physical details | ill. ; |
| Dimensions | 21 cm. |
| 490 ## - SERIES STATEMENT | |
| Series statement | 心裡/關懷 |
| Volume/sequential designation | 09 |
| 500 ## - GENERAL NOTE | |
| General note | Translation of : Truly Devoted. |
| 505 ## - FORMATTED CONTENTS NOTE | |
| Formatted contents note | Wright uses interactions with dogs to reveal God's love. A dog's gnawing reflects how people handle worry. If people give God their fears, they'll experience peace. A cowering dog becomes joyous when forgiven. When people confess sins, God forgives. From daily antics to extraordinary deeds, these dogs highlight the joys of following God. |
| 650 ## - SUBJECT ADDED ENTRY--TOPICAL TERM | |
| Topical term or geographic name entry element | Dog owners -- Religious life. Dogs -- Religious aspects -- Christianity -- Meditations. |
| 700 ## - ADDED ENTRY--PERSONAL NAME | |
| Personal name | 諾曼·萊特王宇薇 |
| Withdrawn status | Lost status | Damaged status | Not for loan | Home library | Current library | Shelving location | Date acquired | Total Checkouts | Full call number | Barcode | Date last seen | Price effective from | Koha item type |
|---|---|---|---|---|---|---|---|---|---|---|---|---|---|
| GETS Theological Seminary Library | GETS Theological Seminary Library | 05/20/2023 | BV4596.A54 .W7512 2018 | 00030983 | 05/20/2023 | 05/20/2023 | Chinese Book |